|
|
|
|
| LEADER |
00712nam a22002172a 4500 |
| 001 |
000331226 |
| 003 |
CZ BrMZK |
| 005 |
20210826103605.0 |
| 007 |
ta |
| 008 |
950101s1948 xr f 000 0 cze d |
| 040 |
|
|
|a BOA001
|b cze
|
| 041 |
1 |
|
|a cze
|h rus
|
| 100 |
1 |
|
|a Lenin, Vladimir Il‘jič,
|d 1870-1924
|7 jn19981001737
|4 aut
|
| 245 |
1 |
0 |
|a K mládeži /
|c Vladimir Il'jič Lenin
|
| 260 |
|
|
|a Praha :
|b Svoboda,
|c 1948
|
| 300 |
|
|
|a 22, [2] s. ;
|c 8°
|
| 490 |
1 |
|
|a Malá knihovna marxismu-leninismu ;
|v sv. 30
|
| 830 |
|
0 |
|a Malá knihovna marxismu-leninismu (Svoboda)
|0 s
|
| 910 |
|
|
|a BOA001
|b 1-0183.226,30
|
| 990 |
|
|
|a BK
|
| 996 |
7 |
|
|b 2619841372
|c 1-0183.226,30
|l MZK
|r Sklad / do 1 hodiny
|n 0
|w 000331226
|u 000010
|a 1
|e BOA001
|j MZK50
|s A
|